10 Countries That Still Use Child Soldiers - Statistics

General Stats
  • This quiz has been taken 150 times
  • The average score is 8 of 10
Answer Stats
Region Country With Child Soldiers % Correct
Middle East IRAQ
96%
East Africa SOMALIA
90%
Middle East SYRIA
90%
Central Africa CENTRAL AFRICAN REPUBLIC
86%
Middle East YEMEN
86%
South Central Asia AFGHANISTAN
82%
West Africa NIGERIA
82%
East-Central Africa SOUTH SUDAN
77%
Asia MYANMAR
58%
Central Africa DEMOCRATIC REPUBLIC OF CONGO
52%
No matching quizzes found
Score Distribution
Percent of People with Each Score
Percentile by Number Answered
Your Score History
You have not taken this quiz